000 00772cam a2200289 i 4500
001 16741
003 DO-SdUEMH
005 20251230194726.0
007 ta
008 211105s2009 xxua|||gri||| 001 0 spa|d
020 _a9780135129043
040 _aDO-SdUEMH
_bspa
_erda
041 _aeng
_heng
082 1 4 _mCG
_a174.2 F869M
_bF869m
084 _b10-00317
100 _aFremgen, Bonnie F.
_eaut
245 1 0 _aMedical Law and Ethics /
_cBonnie F. Fremgen
250 _aTercera edición
260 _c2009
264 0 1 _aEstados Unidos :
_bPEARSON,
_c2009
300 _a361 paginas :
_bIlustraciones ;
_c23 cm
336 _2rdacontent
_atexto
_btxt
337 _2rdamedia
_asin mediación
_bn
338 _2rdacarrier
_avolumen
_bnc
942 _2ddc
_cBK
_n0
999 _c16741
_d16741